[Event "95th Caplin Hastings Congress"]
[Site "Hastings"]
[Date "2020.01.04"]
[Round "8.32"]
[White "Graham, David B"]
[Black "Comellas Blanchart, Jordi"]
[Result "1/2-1/2"]
[WhiteElo "2152"]
[BlackElo "2125"]
[Annotator "ChessBase"]
[PlyCount "122"]
[EventDate "2019.12.28"]
[EventType "swiss"]
[EventCountry "ENG"]
[SourceTitle "playchess.com"]
[Source "ChessBase"]
[SourceQuality "1"]
[TimeControl "40/6600+30:3000+30"]

1. e4 {[%emt 0:09:32]} c5 {[%emt 0:09:38]} 2. Nf3 {[%emt 0:00:04]} d6 {[%emt 0:00:08]} 3. d4 {[%emt 0:00:05]} cxd4 {[%emt 0:00:08]} 4. Nxd4 {[%emt 0:00:02]} Nf6 {[%emt 0:00:12]} 5. Nc3 {[%emt 0:00:03]} a6 {[%emt 0:00:08]} 6. Be2 {[%emt 0:00:31]} e5 {[%emt 0:00:09]} 7. Nb3 {[%emt 0:00:12]} Be7 {[%emt 0:00:08]} 8. O-O {[%emt 0:00:24]} O-O {[%emt 0:00:09]} 9. Be3 {[%emt 0:00:56]} Be6 {[%emt 0:00:08]} 10. Nd5 {[%emt 0:02:40]} Nbd7 {[%emt 0:03:30]} 11. f3 {[%emt 0:02:11]} Nxd5 {[%emt 0:05:12]} 12. exd5 {[%emt 0:00:04]} Bf5 {[%emt 0:00:16]} 13. Qd2 {[%emt 0:02:05]} Rc8 {[%emt 0:03:37]} 14. c4 {[%emt 0:01:25]} b6 {[%emt 0:03:19]} 15. c5 {[%emt 0:12:51]} Nxc5 {[%emt 0:01:00]} 16. Nxc5 {[%emt 0:00:32]} dxc5 {[%emt 0:07:14]} 17. Bxa6 {[%emt 0:00:10]} Rc7 {[%emt 0:02:29]} 18. a4 {[%emt 0:09:53]} Qa8 {[%emt 0:20:24]} 19. Bc4 {[%emt 0:01:17]} Rd8 {[%emt 0:02:49]} 20. a5 {[%emt 0:23:52]} Ra7 {[%emt 0:12:34]} 21. Bg5 {[%emt 0:11:36]} Bf6 {[%emt 0:02:53]} 22. Bxf6 {[%emt 0:03:02]} gxf6 {[%emt 0:00:07]} 23. Qh6 {[%emt 0:08:07]} Rd6 {[%emt 0:16:40]} 24. f4 {[%emt 0:02:29]} e4 {[%emt 0:00:41]} 25. Ra3 {[%emt 0:01:58]} b5 {[%emt 0:07:13]} 26. Bxb5 {[%emt 0:04:35]} Rxa5 {[%emt 0:02:28]} 27. Rg3+ {[%emt 0:05:21]} Bg6 {[%emt 0:00:10]} 28. Bc4 {[%emt 0:01:48]} f5 {[%emt 0:00:30]} 29. h4 {[%emt 0:03:43]} Qf8 {[%emt 0:04:34]} 30. Qh5 {[%emt 0:01:31]} Qg7 {[%emt 0:01:46]} 31. Qd1 {[%emt 0:02:49]} h5 {[%emt 0:01:19]} 32. Kh2 {[%emt 0:01:38]} Qxb2 {[%emt 0:00:44]} 33. Qxh5 {[%emt 0:01:54]} Ra3 {[%emt 0:05:33]} 34. Qe2 {[%emt 0:00:50]} Qxe2 {[%emt 0:01:19]} 35. Bxe2 {[%emt 0:00:04]} Rxg3 {[%emt 0:00:36]} 36. Kxg3 {[%emt 0:00:14]} Rxd5 {[%emt 0:00:22]} 37. h5 {[%emt 0:00:32]} Bh7 {[%emt 0:01:43]} 38. Ra1 {[%emt 0:01:16]} Rd8 {[%emt 0:02:32]} 39. Ra7 {[%emt 0:00:36]} Rc8 {[%emt 0:00:00]} 40. Bc4 {[%emt 0:00:07]} Kh8 {[%emt 0:00:43]} 41. Bxf7 {[%emt 0:12:22]} Bg8 {[%emt 0:13:50]} 42. Kf2 {[%emt 0:01:37]} c4 {[%emt 0:01:02]} 43. Bxg8 {[%emt 0:03:36]} Kxg8 {[%emt 0:01:16]} 44. Ke2 {[%emt 0:02:21]} c3 {[%emt 0:13:09]} 45. Kd1 {[%emt 0:00:40]} c2+ {[%emt 0:00:43]} 46. Kc1 {[%emt 0:00:04]} Rc5 {[%emt 0:00:36]} 47. Re7 {[%emt 0:05:52]} Ra5 {[%emt 0:07:04]} 48. Re5 {[%emt 0:02:45]} Ra1+ {[%emt 0:00:50]} 49. Kxc2 {[%emt 0:00:04]} Ra2+ {[%emt 0:00:12]} 50. Kc3 {[%emt 0:00:10]} Rxg2 {[%emt 0:00:31]} 51. Rxf5 {[%emt 0:00:08]} Ra2 {[%emt 0:00:20]} 52. Kd4 {[%emt 0:01:36]} Ra4+ {[%emt 0:00:36]} 53. Ke3 {[%emt 0:02:30]} Kg7 {[%emt 0:00:33]} 54. Re5 {[%emt 0:00:23]} Kh6 {[%emt 0:00:38]} 55. Rxe4 {[%emt 0:00:17]} Ra3+ {[%emt 0:00:06]} 56. Kd4 {[%emt 0:00:07]} Kxh5 {[%emt 0:00:15]} 57. Ke5 {[%emt 0:01:58]} Kg6 {[%emt 0:00:38]} 58. Rb4 {[%emt 0:02:00]} Ra5+ {[%emt 0:00:53]} 59. Ke4 {[%emt 0:00:17]} Kf6 {[%emt 0:00:16]} 60. Rb6+ {[%emt 0:00:05]} Kf7 {[%emt 0:00:06]} 61. f5 {[%emt 0:00:27]} Ra1 {[%emt 0:00:11]} 1/2-1/2

[Event "95th Caplin Hastings Congress"]
[Site "Hastings"]
[Date "2020.01.04"]
[Round "8.33"]
[White "Eames, Robert S"]
[Black "Akeya-Price, Robert"]
[Result "1-0"]
[WhiteElo "2150"]
[BlackElo "1818"]
[Annotator "ChessBase"]
[PlyCount "113"]
[EventDate "2019.12.28"]
[EventType "swiss"]
[EventCountry "ENG"]
[SourceTitle "playchess.com"]
[Source "ChessBase"]
[SourceQuality "1"]
[TimeControl "40/6600+30:3000+30"]

1. e4 {[%emt 0:09:35]} c6 {[%emt 0:09:35]} 2. d4 {[%emt 0:00:16]} d5 {[%emt 0:00:06]} 3. e5 {[%emt 0:00:07]} c5 {[%emt 0:00:05]} 4. dxc5 {[%emt 0:00:07]} e6 {[%emt 0:00:16]} 5. a3 {[%emt 0:00:17]} Bxc5 {[%emt 0:00:32]} 6. b4 {[%emt 0:00:25]} Be7 {[%emt 0:00:40]} 7. Nf3 {[%emt 0:01:11]} a5 {[%emt 0:01:15]} 8. b5 {[%emt 0:01:11]} Nd7 {[%emt 0:01:03]} 9. Bd3 {[%emt 0:02:07]} Qc7 {[%emt 0:04:43]} 10. Qe2 {[%emt 0:00:27]} Nh6 {[%emt 0:02:50]} 11. Bxh6 {[%emt 0:01:48]} gxh6 {[%emt 0:00:02]} 12. O-O {[%emt 0:00:29]} b6 {[%emt 0:04:34]} 13. Nbd2 {[%emt 0:02:16]} Bb7 {[%emt 0:02:05]} 14. c4 {[%emt 0:01:24]} Nc5 {[%emt 0:01:49]} 15. cxd5 {[%emt 0:03:36]} Bxd5 {[%emt 0:01:09]} 16. Bc4 {[%emt 0:05:58]} O-O-O {[%emt 0:02:33]} 17. Bxd5 {[%emt 0:02:21]} Rxd5 {[%emt 0:03:01]} 18. Rac1 {[%emt 0:00:18]} Kb8 {[%emt 0:09:35]} 19. Rc4 {[%emt 0:20:51]} Qd7 {[%emt 0:13:18]} 20. a4 {[%emt 0:06:06]} Rd8 {[%emt 0:15:00]} 21. Ne4 {[%emt 0:00:38]} Rd1 {[%emt 0:04:23]} 22. g3 {[%emt 0:04:44]} Rd3 {[%emt 0:05:57]} 23. Nd6 {[%emt 0:14:41]} Bxd6 {[%emt 0:16:43]} 24. exd6 {[%emt 0:04:01]} Qxd6 {[%emt 0:01:07]} 25. Ne5 {[%emt 0:00:37]} Qd5 {[%emt 0:00:45]} 26. Rf4 {[%emt 0:05:41]} Rd2 {[%emt 0:03:01]} 27. Nc6+ {[%emt 0:06:46]} Kc7 {[%emt 0:02:18]} 28. Qg4 {[%emt 0:01:05]} Rf8 {[%emt 0:08:27]} 29. Qg7 {[%emt 0:03:00]} Nd7 {[%emt 0:01:55]} 30. Rxf7 {[%emt 0:08:23]} Rxf7 {[%emt 0:00:06]} 31. Qxf7 {[%emt 0:00:05]} Rd1 {[%emt 0:00:57]} 32. Qxh7 {[%emt 0:07:19]} Rxf1+ {[%emt 0:00:10]} 33. Kxf1 {[%emt 0:00:04]} Qd1+ {[%emt 0:00:50]} 34. Kg2 {[%emt 0:00:05]} Qxa4 {[%emt 0:00:33]} 35. Qd3 {[%emt 0:00:26]} Qa2 {[%emt 0:01:22]} 36. Nd4 {[%emt 0:03:05]} Qd5+ {[%emt 0:00:35]} 37. f3 {[%emt 0:00:07]} a4 {[%emt 0:02:04]} 38. Qc2+ {[%emt 0:00:38]} Nc5 {[%emt 0:00:19]} 39. Qh7+ {[%emt 0:01:46]} Qd7 {[%emt 0:02:00]} 40. Qh8 {[%emt 0:00:05]} a3 {[%emt 0:01:04]} 41. Nc6 {[%emt 0:51:12]} Qd2+ {[%emt 0:12:26]} 42. Kh3 {[%emt 0:00:00]} Nd7 {[%emt 0:00:35]} 43. Qd8+ {[%emt 0:00:00]} Kb7 {[%emt 0:01:40]} 44. Ne7 {[%emt 0:00:00]} Qc2 {[%emt 0:27:59]} 45. Qxd7+ {[%emt 0:00:00]} Ka8 {[%emt 0:00:12]} 46. Qxe6 {[%emt 0:00:00]} Qc7 {[%emt 0:07:50]} 47. Nd5 {[%emt 0:00:00]} Qb7 {[%emt 0:01:11]} 48. Ne7 {[%emt 0:00:00]} Qa7 {[%emt 0:01:10]} 49. Nc6 {[%emt 0:00:00]} Qc7 {[%emt 0:00:29]} 50. g4 {[%emt 0:00:00]} Kb7 {[%emt 0:00:58]} 51. Qd5 {[%emt 0:00:00]} Kc8 {[%emt 0:00:32]} 52. Nb4 {[%emt 0:00:00]} Qf4 {[%emt 0:01:22]} 53. Qc6+ {[%emt 0:00:00]} Kd8 {[%emt 0:00:18]} 54. Qa8+ {[%emt 0:00:00]} Kd7 {[%emt 0:00:07]} 55. Qxa3 {[%emt 0:00:00]} h5 {[%emt 0:00:11]} 56. Qd3+ {[%emt 0:00:00]} Kc8 {[%emt 0:00:13]} 57. Qf5+ {[%emt 0:00:00]} 1-0

[Event "95th Caplin Hastings Congress"]
[Site "Hastings"]
[Date "2020.01.04"]
[Round "8.46"]
[White "Khoo-Thwe, Louis"]
[Black "Byrn, Carsten"]
[Result "1-0"]
[WhiteElo "1654"]
[BlackElo "1919"]
[Annotator "NA"]
[PlyCount "25"]
[EventDate "2019.12.28"]
[EventType "swiss"]
[EventCountry "ENG"]
[SourceTitle "playchess.com"]
[Source "ChessBase"]
[SourceQuality "1"]

1. e4 c5 2. Nf3 e6 3. d4 cxd4 4. Nxd4 a6 5. Nc3 b5 6. Be3 Bb7 7. a3 Qc7 8. Bd3 Nf6 9. f3 b4 10. Nce2 bxa3 11. bxa3 d5 12. e5 Nfd7 13. f4 1-0

[Event "95th Caplin Hastings Congress"]
[Site "Hastings"]
[Date "2020.01.05"]
[Round "9.8"]
[White "Howell, David W L"]
[Black "Bates, Richard A"]
[Result "1-0"]
[WhiteElo "2676"]
[BlackElo "2342"]
[Annotator "TA"]
[PlyCount "75"]
[EventDate "2019.12.28"]
[EventType "swiss"]
[EventCountry "ENG"]
[SourceTitle "playchess.com"]
[Source "ChessBase"]
[SourceQuality "1"]

1. e4 c5 2. Nf3 d6 3. Bb5+ Nd7 4. Ba4 Ngf6 5. O-O g6 6. Re1 Bg7 7. c3 O-O 8. d4 e5 9. Bc2 b6 10. Bg5 h6 11. Bh4 Bb7 12. a4 a6 13. dxe5 Nxe5 14. Nxe5 dxe5 15. Qf3 Rc8 16. c4 g5 17. Bg3 Ne8 18. Qb3 Qc7 19. Nc3 Rd8 20. Nd5 Bxd5 21. exd5 f5 22. f3 Rd7 23. Re2 Re7 24. a5 bxa5 25. Qa3 Nd6 26. Qxa5 Qxa5 27. Rxa5 Nxc4 28. Rxa6 Nxb2 29. Bf2 Rb7 30. Bxc5 Rc8 31. Bf2 e4 32. fxe4 fxe4 33. Bxe4 Rc1+ 34. Re1 Rxe1+ 35. Bxe1 Nc4 36. d6 Bd4+ 37. Kh1 Rb6 38. Ra8+ 1-0

[Event "95th Caplin Hastings Congress"]
[Site "Hastings"]
[Date "2020.01.05"]
[Round "9.9"]
[White "Stoyanov, Viktor"]
[Black "Sengupta, Deep"]
[Result "0-1"]
[WhiteElo "2272"]
[BlackElo "2564"]
[Annotator "TA"]
[PlyCount "58"]
[EventDate "2019.12.28"]
[EventType "swiss"]
[EventCountry "ENG"]
[SourceTitle "playchess.com"]
[Source "ChessBase"]
[SourceQuality "1"]

1. Nf3 d5 2. d4 e6 3. c4 c6 4. g3 dxc4 5. Bg2 b5 6. O-O Bb7 7. b3 cxb3 8. Qxb3 Nd7 9. Bg5 Ngf6 10. Nbd2 Be7 11. Rac1 O-O 12. Rfd1 Nd5 13. Bxe7 Qxe7 14. Ne5 Nxe5 15. dxe5 b4 16. Ne4 a5 17. Qb2 Rab8 18. Rd2 Ba8 19. Qb3 Rfd8 20. Rdc2 Qc7 21. Rc5 Qxe5 22. Rxa5 Qd4 23. Qc2 h6 24. Rc5 Rb6 25. Rd1 Qe5 26. Nd2 Qxe2 27. Bf1 Qh5 28. Nc4 Rbb8 29. Na5 Qf3 0-1

[Event "95th Caplin Hastings Congress"]
[Site "Hastings"]
[Date "2020.01.05"]
[Round "9.54"]
[White "Brouwer, Willem"]
[Black "Stoyanov, Boris"]
[Result "0-1"]
[WhiteElo "1662"]
[BlackElo "1504"]
[Annotator "NA"]
[PlyCount "73"]
[EventDate "2019.12.28"]
[EventType "swiss"]
[EventCountry "ENG"]
[SourceTitle "playchess.com"]
[Source "ChessBase"]
[SourceQuality "1"]

1. Nf3 d5 2. c4 d4 3. g3 c5 4. d3 Nc6 5. Bg2 Nf6 6. O-O e5 7. Nbd2 Bd6 8. Ng5 h6 9. Nge4 Nxe4 10. Nxe4 f5 11. Nxd6+ Qxd6 12. f4 O-O 13. e3 Bd7 14. e4 Rae8 15. Rf2 fxe4 16. Bxe4 Qe7 17. f5 Qf6 18. Qg4 Ne7 19. Qh3 Bc6 20. Qg4 Bxe4 21. Qxe4 g6 22. g4 gxf5 23. gxf5 Nxf5 24. Bd2 Kh8 25. Kh1 Ng3+ 26. hxg3 Qxf2 27. Bxh6 Qf3+ 28. Qxf3 Rxf3 29. Kg2 Rxd3 30. Bg5 Kg7 31. b3 e4 32. Kf1 Rxg3 33. Bd2 Rf8+ 34. Ke2 Rg2+ 35. Kd1 Rf1+ 36. Be1 Rxe1+ 37. Kxe1 0-1

[Event "95th Caplin Hastings Congress"]
[Site "Hastings"]
[Date "2020.01.05"]
[Round "9.55"]
[White "Kumar, Sanjit S"]
[Black "Lakshmi Raja Perumal K"]
[Result "1-0"]
[WhiteElo "1501"]
[BlackElo "1492"]
[Annotator "NA"]
[PlyCount "55"]
[EventDate "2019.12.28"]
[EventType "swiss"]
[EventCountry "ENG"]
[SourceTitle "playchess.com"]
[Source "ChessBase"]
[SourceQuality "1"]

1. e4 e5 2. Nf3 Nc6 3. Bc4 Bc5 4. c3 d6 5. d4 exd4 6. cxd4 Bb6 7. Be3 Bg4 8. Be2 Nf6 9. Nc3 O-O 10. h3 Bh5 11. O-O Re8 12. d5 Ne5 13. Bxb6 axb6 14. Nxe5 Bxe2 15. Qxe2 Rxe5 16. f3 Nh5 17. f4 Ng3 18. Qf3 Nxe4 19. fxe5 Ng5 20. Qf5 dxe5 21. h4 g6 22. Qxg5 Qd6 23. Ne4 Qd8 24. Nf6+ Kg7 25. Qxe5 Ra4 26. Ne8+ Kf8 27. Rae1 f5 28. Qg7# 1-0